Flagi - Statystyki

Ogólne statystyki
  • Ten quiz został rozwiązany 145 razy
  • Średni wynik to 29 z 40
Statystyki odpowiedzi
Obrazkowy Odpowiedź % Poprawnych
Francja
98%
Polska
98%
Rosja
97%
Ukraina
97%
Stany Zjednoczone
95%
Albania
94%
Grecja
93%
Czechy
92%
Portugalia
91%
Hiszpania
90%
Argentyna
89%
Irlandia
86%
Estonia
85%
Dania
84%
Litwa
84%
Watykan
83%
Meksyk
82%
Monako
82%
Serbia
80%
Malta
77%
Australia
76%
Islandia
76%
Łotwa
76%
Indie
74%
Egipt
73%
Włochy
73%
Peru
71%
Nigeria
70%
Maroko
65%
Irak
60%
Mołdawia
59%
Nepal
57%
Kenia
55%
Sri Lanka
49%
Honduras
44%
Tajwan
39%
Oman
36%
Sudan
35%
Komory
28%
Belize
24%
Nie znaleziono quizów pasujących do podanych kryteriów
Rozkład punktacji
Procent ludzi z każdym wynikiem
Percentyl według liczby udzielonych odpowiedzi
Twoja historia wyników
Nie rozwiązałeś tego quizu